Report Of The Committee On Subsidiary Legislation On The Chartered Institute Of Human Resource Management, Ghana Regulations,2023 (Record no. 3961)

MARC details
000 -LEADER
fixed length control field 00615nam a2200181Ia 4500
003 - CONTROL NUMBER IDENTIFIER
control field OSt
005 - DATE AND TIME OF LATEST TRANSACTION
control field 20250108122612.0
008 - FIXED-LENGTH DATA ELEMENTS--GENERAL INFORMATION
fixed length control field 240429s9999||||xx |||||||||||||| ||und||
041 ## - LANGUAGE CODE
Language code of text/sound track or separate title eng
082 ## - DEWEY DECIMAL CLASSIFICATION NUMBER
Classification number CR/CIHRM/23 Acc No 8081
100 ## - MAIN ENTRY--PERSONAL NAME
Personal name Committee on Subsidiary Legislation
245 #0 - TITLE STATEMENT
Title Report Of The Committee On Subsidiary Legislation On The Chartered Institute Of Human Resource Management, Ghana Regulations,2023
260 ## - PUBLICATION, DISTRIBUTION, ETC.
Place of publication, distribution, etc. Accra
Name of publisher, distributor, etc. Parliament Of Ghana
Date of publication, distribution, etc. 2023
300 ## - PHYSICAL DESCRIPTION
Extent 7p
650 ## - SUBJECT ADDED ENTRY--TOPICAL TERM
Topical term or geographic name entry element The Chartered Institute Of Human Resource Management, Ghana Regulations,2023
942 ## - ADDED ENTRY ELEMENTS (KOHA)
Koha item type Committee Reports
Source of classification or shelving scheme Dewey Decimal Classification
Holdings
Withdrawn status Lost status Source of classification or shelving scheme Damaged status Not for loan Home library Current library Shelving location Date acquired Total checkouts Full call number Date last seen Copy number Price effective from Koha item type
    Dewey Decimal Classification     Main Library Main Library Open Shelves 20/12/2023   CR/CIHRM/23 8081 C1 29/04/2024 1 29/04/2024 Committee Reports
    Dewey Decimal Classification     Main Library Main Library Open Shelves 06/11/2024   CR/CIHRM/23 8082 C2 06/11/2024 2 06/11/2024 Committee Reports
©2026  Parliament of Ghana Library - All rights reserved